Detalles MARC
| 000 -Cabecera |
| Campo de control de longitud fija |
01491ntm a22005417a 4500 |
| 005 - Fecha y hora de la última transacción |
| Campo de control |
20250916150238.0 |
| 008 - Elementos de longitud fija--Información general |
| Campo de control de longitud fija |
170317b2010 xxu||||| |||| 00| 0 spa d |
| 020 ## - International Standard Book Number |
| Número Internacional Estándar del Libro (ISBN) |
9789972273889 |
| 041 ## - Idioma |
| Código de idioma |
Español |
| 082 ## - Clasificación Decimal Dewey |
| Número de clasificación |
808.51 SA194h |
| 100 ## - Entrada principal--Autor personal |
| Nombre personal |
Sánchez, M. |
| 9 (RLIN) |
41301 |
| 245 ## - Título propiamente dicho |
| Título |
Hable en público |
| 260 ## - Pie de imprenta |
| Lugar de publicación, distribución, etc. |
Perú |
| 260 ## - Pie de imprenta |
| Nombre del editor, distribuidor, etc. |
MIRBET |
| 260 ## - Pie de imprenta |
| Fecha de publicación, distribución, etc. |
2010 |
| 300 ## - Descripción física |
| Extensión |
135 páginas |
| 490 ## - Serie |
| Título de la Serie |
Temática General |
| 650 ## - Materia general |
| Temática (materia general) |
HABLAR EN PÚBLICO |
| 650 ## - Materia general |
| Temática (materia general) |
COMUNICACIÓN ORAL |
| 650 ## - Materia general |
| Temática (materia general) |
ELEMENTOS DE LA COMUNICACIÓN |
| 650 ## - Materia general |
| Temática (materia general) |
ORATORIA |
| 650 ## - Materia general |
| Temática (materia general) |
HABILIDADES SOCIALES |
| 650 ## - Materia general |
| Temática (materia general) |
PREPARACIÓN DEL ORADOR |
| 650 ## - Materia general |
| Temática (materia general) |
DETERMINACIÓN DEL OBJETIVO |
| 650 ## - Materia general |
| Temática (materia general) |
DOMINIO DEL TEMA |
| 650 ## - Materia general |
| Temática (materia general) |
CAPTANDO LA ATENCIÓN |
| 650 ## - Materia general |
| Temática (materia general) |
MIEDO AL HABLAR EN PÚBLICO |
| 650 ## - Materia general |
| Temática (materia general) |
IDEAS PARA MATAR EL MIEDO |
| 650 ## - Materia general |
| Temática (materia general) |
LAS LLAVES DE UN BUEN ORADOR |
| 650 ## - Materia general |
| Temática (materia general) |
LENGUAJE COLOQUIAL |
| 650 ## - Materia general |
| Temática (materia general) |
CONCEPTOS Y FUNCIONES DEL LENGUAJE |
| 650 ## - Materia general |
| Temática (materia general) |
DISCURSO |
| 650 ## - Materia general |
| Temática (materia general) |
ELABORACIÓN DEL DISCURSO |
| 650 ## - Materia general |
| Temática (materia general) |
IDEA CENTRAL, INTRODUCCIÓN, DESARROLLO Y CONCLUSIÓN DEL DISCURSO |
| 650 ## - Materia general |
| Temática (materia general) |
VOZ |
| 650 ## - Materia general |
| Temática (materia general) |
LAS PAUSAS |
| 650 ## - Materia general |
| Temática (materia general) |
LENGUAJE CORPORAL |
| 650 ## - Materia general |
| Temática (materia general) |
LA MIRADA EN EL DISCURSO |
| 650 ## - Materia general |
| Temática (materia general) |
CUESTIÓN VERBAL |
| 650 ## - Materia general |
| Temática (materia general) |
LA IMAGEN |
| 650 ## - Materia general |
| Temática (materia general) |
GESTOS |
| 650 ## - Materia general |
| Temática (materia general) |
MEDIOS DE APOYO VISUAL |
| 650 ## - Materia general |
| Temática (materia general) |
PÚBLICO |
| 650 ## - Materia general |
| Temática (materia general) |
CAPTAR LA ATENCIÓN |
| 650 ## - Materia general |
| Temática (materia general) |
FEEDBACK |
| 650 ## - Materia general |
| Temática (materia general) |
DEBATE |
| 942 ## - Punto de acceso adicional KOHA |
| Tipo de ítem KOHA |
Libro |
| Fuente del sistema de clasificación o colocación |
Dewey Decimal Classification |